000 00572nam a2200241 a 4500
001 nice12345678
003 IN_TiNIC
005 20260116011615.0
008 050524s1939 oxfa grp 000 0 eng
020 _a
_c100
082 0 0 _a231
_bBAI1
100 _aBaillie, John
245 _aOur Knowledge of God
260 _aOxford
_bOxford University Press
_c1939
300 _a258p
500 _aincludes index and biblioraphy
505 2 _aIndex
650 _aGod-Biblical Teaching
700 1 _aBaillie, John
902 _bSRS
942 _cBK
999 _c2860
_d2860